<?xml version="1.0" encoding="UTF-8"?>
<record
    xmlns:xsi="http://www.w3.org/2001/XMLSchema-instance"
    xsi:schemaLocation="http://www.loc.gov/MARC21/slim http://www.loc.gov/standards/marcxml/schema/MARC21slim.xsd"
    xmlns="http://www.loc.gov/MARC21/slim">

  <leader>00208nam a2200085   4500</leader>
  <controlfield tag="001">1258558</controlfield>
  <controlfield tag="005">20260312192550.0</controlfield>
  <datafield tag="245" ind1=" " ind2=" ">
    <subfield code="a">D&#x130;KKAT &#x130;CAT &#xC7;IKAB&#x130;L&#x130;R!</subfield>
    <subfield code="c">MEL&#x130;H TU&#x11E;TA&#x11E; </subfield>
  </datafield>
  <datafield tag="260" ind1=" " ind2=" ">
    <subfield code="b">GEN&#xC7; HAYAT YAYINLARI</subfield>
  </datafield>
  <datafield tag="999" ind1=" " ind2=" ">
    <subfield code="c">1258558</subfield>
    <subfield code="d">1258558</subfield>
  </datafield>
  <datafield tag="952" ind1=" " ind2=" ">
    <subfield code="0">0</subfield>
    <subfield code="1">0</subfield>
    <subfield code="2">ddc</subfield>
    <subfield code="4">0</subfield>
    <subfield code="7">0</subfield>
    <subfield code="a">1058</subfield>
    <subfield code="b">1058</subfield>
    <subfield code="d">2026-03-12</subfield>
    <subfield code="l">1</subfield>
    <subfield code="o">Q8</subfield>
    <subfield code="p">10581010452</subfield>
    <subfield code="r">2026-03-23 09:22:24</subfield>
    <subfield code="s">2026-03-13</subfield>
    <subfield code="w">2026-03-12</subfield>
    <subfield code="y">BK</subfield>
  </datafield>
</record>
